000
00268nam a22001217a 4500
999
_c
162577
_d
162577
082
_a
_b
100
_a
Murthy A S N
245
_a
Religion and society/
_c
by Murthy A S N.
260
_a
New Delhi:
_b
Discovery,
_c
1991.
300
_a
194p.
650
_a
942
_c
BK